Estudios sobre la universidad latinoamericana : (Registro nro. 30992)
[ vista simple ]
| 000 -LEADER | |
|---|---|
| fixed length control field | 00917nam a22002537a 4500 |
| 003 - CONTROL NUMBER IDENTIFIER | |
| control field | OSt |
| 005 - DATE AND TIME OF LATEST TRANSACTION | |
| control field | 20250812091543.0 |
| 008 - FIXED-LENGTH DATA ELEMENTS--GENERAL INFORMATION | |
| fixed length control field | 250526b |||||||| |||| 00| 0 spa d |
| 020 ## - INTERNATIONAL STANDARD BOOK NUMBER | |
| International Standard Book Number | 8497440080 |
| 037 ## - SOURCE OF ACQUISITION | |
| Source of stock number/acquisition | Donación |
| 040 ## - CATALOGING SOURCE | |
| Original cataloging agency | CO-JMCR |
| Transcribing agency | CO-JMCR |
| Language of cataloging | spa |
| Modifying agency | CO-JMCR |
| Description conventions | rda |
| 041 0# - LANGUAGE CODE | |
| Language code of text/sound track or separate title | spa |
| 082 04 - DEWEY DECIMAL CLASSIFICATION NUMBER | |
| Classification number | 378.8 |
| Item number | E82e |
| Edition number | 23 |
| 245 00 - TITLE STATEMENT | |
| Title | Estudios sobre la universidad latinoamericana : |
| Remainder of title | De la colonia al siglo XXI, reformas universitarias / |
| Statement of responsibility, etc. | Directores : Diana Soto Arango, Manuel Lucena Salmoral y Carlos Rincón. |
| 260 ## - PUBLICATION, DISTRIBUTION, ETC. | |
| Place of publication, distribution, etc. | Tunja : |
| Name of publisher, distributor, etc. | Rudecolombia, |
| Date of publication, distribution, etc. | [2002] |
| 300 ## - PHYSICAL DESCRIPTION | |
| Extent | 352 páginas ; |
| Dimensions | 24 cm. |
| 504 ## - BIBLIOGRAPHY, ETC. NOTE | |
| Bibliography, etc. note | Incluye bibliografía. |
| 650 24 - SUBJECT ADDED ENTRY--TOPICAL TERM | |
| Source of heading or term | JMCR |
| Topical term or geographic name entry element | Educación superior |
| General subdivision | Historia |
| 9 (RLIN) | 44252 |
| 650 24 - SUBJECT ADDED ENTRY--TOPICAL TERM | |
| Source of heading or term | JMCR |
| Topical term or geographic name entry element | Reforma universitaria |
| General subdivision | Historia |
| 9 (RLIN) | 44253 |
| 700 1# - ADDED ENTRY--PERSONAL NAME | |
| Personal name | Soto Arango, Diana. |
| 9 (RLIN) | 44148 |
| 700 1# - ADDED ENTRY--PERSONAL NAME | |
| Personal name | Lucena Salmoral, Manuel. |
| 9 (RLIN) | 44149 |
| 700 1# - ADDED ENTRY--PERSONAL NAME | |
| Personal name | Rincón, Carlos, |
| Dates associated with a name | 1940- |
| 9 (RLIN) | 44150 |
| 942 ## - ADDED ENTRY ELEMENTS (KOHA) | |
| Source of classification or shelving scheme | Dewey Decimal Classification |
| Koha item type | Books |
| Withdrawn status | Lost status | Source of classification or shelving scheme | Damaged status | Not for loan | Collection code | Home library | Current library | Shelving location | Date acquired | Source of acquisition | Total Checkouts | Full call number | Barcode | Date last seen | Copy number | Price effective from | Koha item type |
|---|---|---|---|---|---|---|---|---|---|---|---|---|---|---|---|---|---|
| Dewey Decimal Classification | Non-fiction | Biblioteca Pública José María del Castillo y Rada | Biblioteca Pública José María del Castillo y Rada | Book Cart | 05/14/2025 | Donación | 378.8 E82e | 201812328 | 05/26/2025 | Ej.1 | 05/26/2025 | Books |